Function Spaces

Salvato in:
Dettagli Bibliografici
Autori principali: Kufner, Alois (Autore), John, O. (Autore), Fučík, Svatopluk (Autore)
Natura: Libro
Lingua:russo
Pubblicazione: Praha : ČSAV, 1977
Tags: Aggiungi Tag
Nessun Tag, puoi essere il primo ad aggiungerne!!

MARC

LEADER 00000nam a22000003a 4500
001 stu201426
005 20150617230108.0
008 100323s1977----cs------------------rus-d
040 |a STU  |b slo 
041 0 |a rus 
044 |a cs 
080 |a 517  |7 stu_us_auth*stu8334 
100 1 |a Kufner, Alois  |4 aut 
245 1 |a Function Spaces 
260 |a Praha :  |b ČSAV,  |c 1977 
300 |a 454 s 
700 1 |a John, O.  |4 aut 
700 1 |a Fučík, Svatopluk  |4 aut 
996 |b E40057  |c E*40057  |l EE16  |s P  |a 0  |w stu201426_0001